Сборник сметных норм на геологоразведочные работы. ССН. Вып. 1. Работы геологического содержания. Часть . 4. Гидрогеологические и связанные с ними работы; Сборник норм основных расходов на геологоразведочные работы. СНОР. Вып. 1. Работы геологического содержания. Часть . 4. Гидрогеологические и связанные с ними работы

Dettagli Bibliografici
Ente Autore: Всесоюзный научно-исследовательский институт экономики минерального сырья и геологоразведочных работ (ВИЭМС)
Lingua:russo
Pubblicazione: Москва, ВИЭМС, 1992
Copublished:. Сборник норм основных расходов на геологоразведочные работы. СНОР. Вып. 1. Работы геологического содержания. Часть . 4. Гидрогеологические и связанные с ними работы
Soggetti:
Natura: Libro
KOHA link:https://koha.lib.tpu.ru/cgi-bin/koha/opac-detail.pl?biblionumber=141712

MARC

LEADER 00000nam0a2200000 4500
001 141712
005 20231031142525.0
035 |a (RuTPU)RU\TPU\book\153609 
035 |a RU\TPU\book\153587 
090 |a 141712 
100 |a 20080826d1992 k a0rusy50 ca 
101 0 |a rus 
102 |a RU 
105 |a a l 000zy 
122 2 |a d2007121020  |a d2007121020 
200 1 |a Сборник сметных норм на геологоразведочные работы. ССН. Вып. 1. Работы геологического содержания. Часть . 4. Гидрогеологические и связанные с ними работы  |f Всесоюзный научно-исследовательский институт экономики минерального сырья и геологоразведочных работ (ВИЭМС) 
210 |a Москва  |c ВИЭМС  |d 1992 
215 |a 240 с.  |c табл. 
423 |t Сборник норм основных расходов на геологоразведочные работы. СНОР. Вып. 1. Работы геологического содержания. Часть . 4. Гидрогеологические и связанные с ними работы 
610 1 |a ССНы 
610 1 |a сметные нормы 
610 1 |a геологоразведочные работы 
610 1 |a нормы 
610 1 |a съемка 
610 1 |a съемка геологическая 
610 1 |a поиск 
610 1 |a полезные ископаемые 
610 1 |a СНОРы 
610 1 |a гидрогеологические работы 
610 1 |a откачка воды 
610 1 |a буровые скважины 
610 1 |a скважинные насосы 
610 1 |a измерения 
610 1 |a температура 
610 1 |a подземные воды 
675 |a 550.8(083)  |v 3 
712 0 2 |a Всесоюзный научно-исследовательский институт экономики минерального сырья и геологоразведочных работ (ВИЭМС)  |2 stltpush  |3 (RuTPU)RU\TPU\col\8802 
801 1 |a RU  |b 63413507  |c 20080825  |g PSBO 
801 2 |a RU  |b 63413507  |c 20221207  |g PSBO 
942 |c BK